Financial Options From Theory to Practice
Enregistré dans:
| Autres auteurs: | , , |
|---|---|
| Format: | Livre |
| Langue: | anglais |
| Publié: |
Chicago
IRWIN
1990
|
| Édition: | 1. ed. |
| Sujets: | |
| Tags: |
Pas de tags, Soyez le premier à ajouter un tag!
|
MARC
| LEADER | 00000nam a2200000 4500 | ||
|---|---|---|---|
| 001 | c014875 | ||
| 005 | 20230315135001.6 | ||
| 020 | |a 1-55623-872-X | ||
| 041 | 0 | |a eng | |
| 044 | |a US | ||
| 245 | 1 | 0 | |a Financial Options |b From Theory to Practice |c Edit. Stephen Figlewski, William L. Silber, Marti G. Subrahmanyam |
| 250 | |a 1. ed. | ||
| 264 | 1 | |a Chicago |b IRWIN |c 1990 | |
| 300 | |a 580 s. | ||
| 610 | 2 | 0 | |a opcie |
| 610 | 2 | 0 | |a trh finančný |
| 610 | 2 | 0 | |a USA |
| 700 | 1 | |a Figlewski, Stephen | |
| 700 | 1 | |a Silber, William L. | |
| 700 | 1 | |a Subrahmanyam, Marti G. | |